000 00641nam a2200229Ia 4500
003 OSt
005 20220918201212.0
006 a|||||r|||| 00| 0
007 ta
008 220917b |||||||| |||| 00| 0 eng d
024 _a92,345
037 _cTextual
040 _aARTS
_cARTS
_beng
041 _2eng
_aeng
082 _aV1:19:N3, J0
100 _aChambers Frank P
_941891
245 0 _aThis age of conflict
_b a contemporary world history 1914 to the present
260 _c1950
650 _aINTERNATIONAL RELATIONS; WORLD HISTORY
942 _hV1:19:N3, J0
_cTEXL
_2CC
999 _c215999
_d215999